Opere alese : (Record no. 66803)
[ view plain ]
| 000 -LEADER | |
|---|---|
| fixed length control field | 00892cam7a220022900 4500 |
| 001 - CONTROL NUMBER | |
| control field | tmp15497795 |
| 003 - CONTROL NUMBER IDENTIFIER | |
| control field | UPRA |
| 005 - DATE AND TIME OF LATEST TRANSACTION | |
| control field | 20190815104648.0 |
| 008 - FIXED-LENGTH DATA ELEMENTS--GENERAL INFORMATION | |
| fixed length control field | 950829m19681970rm ita u |
| 035 ## - SYSTEM CONTROL NUMBER | |
| System control number | (Sirsi) r121377 |
| 035 ## - SYSTEM CONTROL NUMBER | |
| System control number | (UPRA)tmp15497795 |
| 040 ## - CATALOGING SOURCE | |
| Transcribing agency | UPRA |
| 100 1# - MAIN ENTRY--PERSONAL NAME | |
| Personal name | Teodoreanu, Ionel, 1897-1954. |
| Dates associated with a name | Teodoreanu, Ionel, 1897-1954. |
| Linkage | A88645.1 |
| 245 10 - TITLE STATEMENT | |
| Title | Opere alese : |
| Remainder of title | studio introductiv / |
| Statement of responsibility, etc. | editie ingrijita, note si comentarii de Nicolae Ciobanu. |
| 260 ## - PUBLICATION, DISTRIBUTION, ETC. | |
| Place of publication, distribution, etc. | Bucuresti : |
| Name of publisher, distributor, etc. | Pentru Literatura, |
| Date of publication, distribution, etc. | 1968-1970. |
| 700 1# - ADDED ENTRY--PERSONAL NAME | |
| Personal name | Ciobanu, Nicolae, 1931- |
| Dates associated with a name | Ciobanu, Nicolae, 1931- |
| Linkage | A88646.1 |
| 949 ## - LOCAL PROCESSING INFORMATION (OCLC) | |
| a | PC839.T4 |
| v | VOL. 1 |
| w | lcc |
| i | -174467 |
| m | MAIN |
| t | BOOK |
| l | ON-SHELF |
| 949 ## - LOCAL PROCESSING INFORMATION (OCLC) | |
| a | PC839.T4 |
| v | VOL. 2 |
| w | lcc |
| i | -174468 |
| m | MAIN |
| t | BOOK |
| l | ON-SHELF |
| 949 ## - LOCAL PROCESSING INFORMATION (OCLC) | |
| a | PC839.T4 |
| v | VOL. 3 |
| w | lcc |
| i | -174469 |
| m | MAIN |
| t | BOOK |
| l | ON-SHELF |
| 949 ## - LOCAL PROCESSING INFORMATION (OCLC) | |
| a | PC839.T4 |
| v | VOL. 4 |
| w | lcc |
| i | -174470 |
| m | MAIN |
| t | BOOK |
| l | ON-SHELF |
No items available.